000 00593cam a22001932 4500
001 0000007451
005 20151217160113.0
008 080205s xx 000 0 eng d
020 _a0752866397 :
_cKES 690
040 _aKABU
_cKABU
100 1 _aGoscinny,
_d1926-1977.
_@0000001694
245 1 4 _aThe Mansions of the gods /
_cwritten by Rene Goscinny and illus. by Albert Uderzo.
260 _aLondon :
_bOrion,
_c2004.
300 _a48 p.
700 1 _aUderzo, Albert.
_@0000158662
908 _a080205
950 _@1
999 _c14310
_d14310